[Event "42nd Guernsey Open 2016"]
[Site "Vale GCI"]
[Date "2016.10.19"]
[Round "4.9"]
[White "Rowe, Peter"]
[Black "Kraft, Karl Heinz"]
[Result "1/2-1/2"]
[WhiteElo "1964"]
[BlackElo "2044"]
[PlyCount "69"]
[EventDate "2016.10.16"]
[EventType "swiss"]
[EventRounds "7"]
[EventCountry "GCI"]

1. d4 f5 2. Nf3 Nf6 3. Bf4 d6 4. h3 g6 5. e3 Bg7 6. Bc4 e6 7. g4 Qe7 8. Rg1 Nc6
9. gxf5 exf5 10. c3 Bd7 11. Nbd2 O-O-O 12. a4 Rde8 13. b4 Ne4 14. Bg5 Qf8 15.
Qc2 h6 16. Nxe4 fxe4 17. Nh4 hxg5 18. Nxg6 Qf5 19. Nxh8 Rxh8 20. Be2 Bf6 21. a5
d5 22. b5 Ne7 23. b6 cxb6 24. c4 Kd8 25. a6 bxa6 26. Rxa6 dxc4 27. Rxa7 Qb5 28.
Ra8+ Nc8 29. Bxc4 Qb4+ 30. Kd1 b5 31. Bd5 Qd6 32. Bb7 Qc7 33. Qxe4 Re8 34. Qf3
Ke7 35. Bd5 1/2-1/2

[Event "42nd Guernsey Open 2016"]
[Site "Vale GCI"]
[Date "2016.10.19"]
[Round "4.9"]
[White "Sedgwick, David R"]
[Black "Taylor, Mark V"]
[Result "1-0"]
[WhiteElo "1970"]
[BlackElo "2031"]
[PlyCount "51"]
[EventDate "2016.10.16"]
[EventType "swiss"]
[EventRounds "7"]
[EventCountry "GCI"]

1. e4 c5 2. c3 b6 3. d4 Bb7 4. Bd3 Nf6 5. Qe2 cxd4 6. cxd4 Nc6 7. Nf3 Nb4 8.
Nc3 Nxd3+ 9. Qxd3 e6 10. O-O Be7 11. d5 Qb8 12. Rd1 O-O 13. d6 Bd8 14. e5 Ng4
15. Qd4 f5 16. h3 Nh6 17. Bxh6 gxh6 18. Qf4 Kh8 19. h4 Rg8 20. Rd3 Rg6 21. Nb5
Be4 22. Rc3 Qb7 23. Kf1 Qd5 24. Nbd4 Rg4 25. Qxh6 Bxf3 26. Nxf3 1-0

[Event "42nd Guernsey Open 2016"]
[Site "Vale GCI"]
[Date "2016.10.19"]
[Round "4.9"]
[White "Wager, John D"]
[Black "Lehmann, Stefan"]
[Result "0-1"]
[WhiteElo "2027"]
[BlackElo "1970"]
[PlyCount "96"]
[EventDate "2016.10.16"]
[EventType "swiss"]
[EventRounds "7"]
[EventCountry "GCI"]

1. Nf3 c5 2. b3 Nf6 3. Bb2 b6 4. g3 Bb7 5. Bg2 e6 6. c4 Be7 7. O-O O-O 8. Nc3
d6 9. e3 Nbd7 10. d4 cxd4 11. exd4 d5 12. Ne5 Ne4 13. Nxe4 dxe4 14. Qe2 f5 15.
Rad1 Nxe5 16. dxe5 Qc7 17. a3 Rad8 18. h3 h6 19. Kh1 a5 20. a4 Bc5 21. Kh2 Bc6
22. Qc2 Rf7 23. Rxd8+ Qxd8 24. Rd1 Rd7 25. Rxd7 Qxd7 26. Bf1 Kf7 27. Kg1 Ke7
28. Be2 Kd8 29. Qd1 Qxd1+ 30. Bxd1 e3 31. fxe3 Bxe3+ 32. Kf1 g6 33. Ke2 Bc5 34.
Bc2 Bg2 35. h4 g5 36. hxg5 hxg5 37. Bc1 g4 38. Be3 Bf3+ 39. Kf2 Bxe3+ 40. Kxe3
Kc7 41. Kd4 Kc6 42. Bd3 Bd1 43. Kc3 Kc5 44. Bf1 Bf3 45. Bd3 f4 46. gxf4 g3 47.
Bf1 g2 48. Bxg2 Bxg2 0-1

[Event "42nd Guernsey Open 2016"]
[Site "Vale GCI"]
[Date "2016.10.19"]
[Round "4.9"]
[White "Milnes, Anthony CP"]
[Black "Spanton, Timothy R"]
[Result "1/2-1/2"]
[WhiteElo "2019"]
[BlackElo "1969"]
[PlyCount "68"]
[EventDate "2016.10.16"]
[EventType "swiss"]
[EventRounds "7"]
[EventCountry "GCI"]

1. f4 e5 2. e4 Bc5 3. Nf3 d5 4. Nxe5 dxe4 5. Bc4 Nh6 6. Qh5 O-O 7. Nxf7 Bf2+ 8.
Kxf2 Qd4+ 9. Ke1 Nxf7 10. Qd5 Nc6 11. Qxd4 Nxd4 12. Na3 Be6 13. Bxe6 Nxe6 14.
g3 Nd4 15. c3 Nf3+ 16. Ke2 Rad8 17. d4 Nh6 18. Nc2 Ng4 19. h3 Nf6 20. Ne1 Nh5
21. Kf2 Nxe1 22. Rxe1 Rde8 23. Be3 g5 24. Kg2 gxf4 25. Bxf4 Nxf4+ 26. gxf4 Rxf4
27. Re3 Ref8 28. Rg1 R8f6 29. Kh2+ Kf7 30. Rg2 Re6 31. Kg3 Rg6+ 32. Kxf4 Rxg2
33. b4 Rxa2 34. Kxe4 Ra6 1/2-1/2

[Event "42nd Guernsey Open 2016"]
[Site "Vale GCI"]
[Date "2016.10.19"]
[Round "4.9"]
[White "Goris, Ton"]
[Black "Morcom, Huw"]
[Result "1-0"]
[WhiteElo "2005"]
[BlackElo "1961"]
[PlyCount "63"]
[EventDate "2016.10.16"]
[EventType "swiss"]
[EventRounds "7"]
[EventCountry "GCI"]

1. e4 c5 2. c3 d6 3. d4 Nf6 4. Bd3 Nbd7 5. Nf3 e5 6. O-O Be7 7. Re1 O-O 8. Nbd2
a6 9. a4 cxd4 10. cxd4 exd4 11. Nxd4 Ne5 12. Bb1 Bg4 13. Qb3 Qc7 14. h3 Bd7 15.
f4 Nc6 16. N2f3 Na5 17. Qd3 Qc4 18. Qe3 Qc5 19. b3 Rac8 20. Bd2 Nc6 21. Rc1 Qh5
22. Bd3 Nxd4 23. Nxd4 Rxc1+ 24. Rxc1 Rc8 25. Rxc8+ Bxc8 26. g4 Bxg4 27. hxg4
Nxg4 28. Qe2 Qc5 29. Be3 Nxe3 30. Qxe3 Bf6 31. Nc2 Qc3 32. e5 1-0

[Event "42nd Guernsey Open 2016"]
[Site "Vale GCI"]
[Date "2016.10.19"]
[Round "4.9"]
[White "Staples, Maurice J"]
[Black "Bakker, Joop"]
[Result "1-0"]
[WhiteElo "1994"]
[BlackElo "1868"]
[PlyCount "55"]
[EventDate "2016.10.16"]
[EventType "swiss"]
[EventRounds "7"]
[EventCountry "GCI"]

1. e4 d5 2. Nc3 dxe4 3. Nxe4 Qd5 4. Nc3 Qa5 5. Bc4 Nf6 6. d3 Bg4 7. f3 Bf5 8.
Be3 e6 9. Nge2 Nbd7 10. Nd4 Bg6 11. Nb3 Qe5 12. Qe2 c6 13. d4 Qd6 14. O-O-O Nb6
15. Bd3 Nbd5 16. Bxg6 hxg6 17. Ne4 Nxe4 18. fxe4 Nxe3 19. Qxe3 Rxh2 20. e5 Rxh1
21. exd6 Rxd1+ 22. Kxd1 Bxd6 23. c3 O-O-O 24. Kc2 Be7 25. Nd2 Rd5 26. Nf3 Ra5
27. Ne5 Rxa2 28. Nxf7 1-0

[Event "42nd Guernsey Open 2016"]
[Site "Vale GCI"]
[Date "2016.10.19"]
[Round "4.9"]
[White "Havenaar, Jan"]
[Black "Magnussen, Pal"]
[Result "0-1"]
[WhiteElo "2071"]
[BlackElo "1926"]
[PlyCount "92"]
[EventDate "2016.10.16"]
[EventType "swiss"]
[EventRounds "7"]
[EventCountry "GCI"]

1. Nc3 d5 2. e4 d4 3. Nce2 e5 4. Ng3 Be6 5. c3 c5 6. Nf3 Bd6 7. Bb5+ Nd7 8. Qe2
g6 9. O-O a6 10. Bc4 Qe7 11. Bxe6 Qxe6 12. b3 Ngf6 13. c4 O-O-O 14. d3 h6 15.
a3 Qe7 16. Bd2 Nf8 17. b4 Ne6 18. Qd1 Nd7 19. Rb1 Rdf8 20. b5 axb5 21. Rxb5 Nb8
22. Qa4 f5 23. Rfb1 Rh7 24. Qa8 f4 25. Ne2 Nd8 26. Ba5 Ndc6 27. Bb6 g5 28. Nc1
g4 29. Ne1 Rg8 30. Nb3 g3 31. fxg3 fxg3 32. h3 Qg5 33. Nf3 Qe3+ 34. Kh1 Rf8 35.
Nbd2 Qxd3 36. R5b3 Qc2 37. R3b2 Qd3 38. Bxc5 Bxc5 39. Nxe5 Qxb1+ 40. Rxb1 Nxe5
41. Qa5 Nd3 42. Nb3 Rhf7 43. Kg1 Na6 44. Nxc5 Naxc5 45. Qa8+ Kc7 46. Qa5+ Kb8
0-1

[Event "42nd Guernsey Open 2016"]
[Site "Vale GCI"]
[Date "2016.10.19"]
[Round "4.9"]
[White "Hickman, John E"]
[Black "De Kruif, Kees"]
[Result "0-1"]
[WhiteElo "1926"]
[BlackElo "1986"]
[PlyCount "126"]
[EventDate "2016.10.16"]
[EventType "swiss"]
[EventRounds "7"]
[EventCountry "GCI"]

1. e4 c5 2. Nf3 d6 3. d4 cxd4 4. Nxd4 Nf6 5. Nc3 g6 6. Be3 Bg7 7. f3 O-O 8. Qd2
a6 9. Bc4 Qc7 10. Bb3 Nc6 11. O-O-O Na5 12. Bh6 Nxb3+ 13. Nxb3 Be6 14. Bxg7
Kxg7 15. Nd5 Bxd5 16. exd5 Rfc8 17. Qf2 a5 18. h4 a4 19. Nd4 Qc4 20. a3 Nxd5
21. h5 e5 22. hxg6 hxg6 23. Qh4 exd4 24. Qh6+ Kf6 25. Qh4+ Ke6 26. Qe4+ Kd7 27.
Rxd4 Qa2 28. Rhd1 Qa1+ 29. Kd2 Qxb2 30. Qxd5 Rxc2+ 31. Ke3 Qb3+ 32. Qxb3 axb3
33. Rxd6+ Ke7 34. Rd7+ Kf6 35. Rxb7 Rxa3 36. Rd3 Rxg2 37. Rdxb3 Rxb3+ 38. Rxb3
Kg5 39. Rb7 f5 40. Rb4 Rh2 41. Rb6 f4+ 42. Ke4 Re2+ 43. Kd4 Re3 44. Rb5+ Kh4
45. Rb6 Kg5 46. Rb5+ Kh6 47. Rb1 Rxf3 48. Ke4 Rf2 49. Rg1 Kh5 50. Ke5 Rf3 51.
Ke4 Rg3 52. Rf1 g5 53. Kf5 Kh4 54. Rh1+ Rh3 55. Rg1 Ra3 56. Rg4+ Kh3 57. Rxg5
f3 58. Rh5+ Kg2 59. Rg5+ Kf2 60. Ke4 Ke2 61. Kf4 f2 62. Re5+ Kd2 63. Rd5+ Rd3
0-1

[Event "42nd Guernsey Open 2016"]
[Site "Vale GCI"]
[Date "2016.10.19"]
[Round "4.9"]
[White "Campbell, Ian"]
[Black "Fassaert, Desire JM"]
[Result "1/2-1/2"]
[WhiteElo "1985"]
[BlackElo "1919"]
[PlyCount "30"]
[EventDate "2016.10.16"]
[EventType "swiss"]
[EventRounds "7"]
[EventCountry "GCI"]

1. d4 Nf6 2. Nf3 e6 3. e3 b6 4. Bd3 Bb7 5. Nbd2 c5 6. O-O Be7 7. Qe2 O-O 8. c3
d5 9. e4 dxe4 10. Nxe4 Bxe4 11. Bxe4 Nxe4 12. Qxe4 Nd7 13. Re1 cxd4 14. Nxd4
Nc5 15. Qf3 Bf6 1/2-1/2

[Event "42nd Guernsey Open 2016"]
[Site "Vale GCI"]
[Date "2016.10.19"]
[Round "4.9"]
[White "Marley, Andrew SG"]
[Black "Frijling, Jeroen"]
[Result "1/2-1/2"]
[WhiteElo "1957"]
[BlackElo "1778"]
[PlyCount "115"]
[EventDate "2016.10.16"]
[EventType "swiss"]
[EventRounds "7"]
[EventCountry "GCI"]

1. c4 e5 2. g3 Nf6 3. Bg2 d5 4. cxd5 Nxd5 5. Nf3 Nc6 6. d3 Be7 7. a3 O-O 8. b4
Re8 9. Bb2 Bf6 10. Nbd2 e4 11. Bxf6 Nxf6 12. dxe4 Nxe4 13. Nxe4 Rxe4 14. Qxd8+
Nxd8 15. Rd1 Bg4 16. Nd4 Re8 17. O-O Rb8 18. h3 Be6 19. Rc1 c6 20. Rfd1 f6 21.
e3 Bf7 22. Nf5 Ne6 23. Rd7 Red8 24. Rcd1 Be8 25. R7d6 g6 26. Rxd8 Rxd8 27. Nd6
Kf8 28. Bf3 Rd7 29. Be2 Ke7 30. Nc8+ Kd8 31. Nd6 Ke7 32. Nc8+ Kd8 33. Nd6 Ke7
34. Nxe8 Rxd1+ 35. Bxd1 Kxe8 36. Bb3 Ke7 37. Kf1 Nc7 38. Ke2 Kd6 39. h4 c5 40.
Bg8 h6 41. Kd3 cxb4 42. axb4 Nd5 43. Kc4 Ne7 44. Bf7 Nc6 45. f4 g5 46. e4 gxh4
47. gxh4 a6 48. Bd5 b5+ 49. Kc3 Ne7 50. Bf7 Nc6 51. Be8 Nd8 52. Kd4 Ne6+ 53.
Ke3 Nd8 54. Kd3 Ne6 55. Ke3 Nd8 56. Kd4 Ne6+ 57. Ke3 Nd8 58. Kd4 1/2-1/2

[Event "42nd Guernsey Open 2016"]
[Site "Vale GCI"]
[Date "2016.10.19"]
[Round "4.9"]
[White "Markering, Martin"]
[Black "Hawkins, James NH"]
[Result "1/2-1/2"]
[WhiteElo "1922"]
[BlackElo "1944"]
[PlyCount "36"]
[EventDate "2016.10.16"]
[EventType "swiss"]
[EventRounds "7"]
[EventCountry "GCI"]

1. d4 Nf6 2. Bg5 d5 3. Nf3 e6 4. e3 Be7 5. c4 Nbd7 6. Nc3 O-O 7. Be2 c6 8. O-O
Ne4 9. Bxe7 Qxe7 10. Nxe4 dxe4 11. Nd2 f5 12. f3 Qg5 13. f4 Qe7 14. c5 Nf6 15.
Nc4 Nd5 16. Qd2 b6 17. cxb6 axb6 18. Ne5 c5 1/2-1/2

[Event "42nd Guernsey Open 2016"]
[Site "Vale GCI"]
[Date "2016.10.19"]
[Round "4.9"]
[White "Ippel, Cornelius J"]
[Black "Canonne, Antoine"]
[Result "1/2-1/2"]
[WhiteElo "1720"]
[BlackElo "1928"]
[PlyCount "75"]
[EventDate "2016.10.16"]
[EventType "swiss"]
[EventRounds "7"]
[EventCountry "GCI"]

1. Nc3 e5 2. Nf3 Nc6 3. d4 exd4 4. Nxd4 Bb4 5. Nxc6 Bxc3+ 6. bxc3 bxc6 7. e4 d6
8. Be2 Qe7 9. Qd4 Nf6 10. Bg5 Qe5 11. Qxe5+ dxe5 12. f3 O-O 13. O-O Be6 14.
Rfd1 Rab8 15. c4 h6 16. Bxf6 gxf6 17. Rab1 f5 18. Rb3 c5 19. Kf2 Rb4 20. Rxb4
cxb4 21. Bd3 f4 22. g3 fxg3+ 23. hxg3 Kg7 24. f4 Rd8 25. Rb1 c5 26. f5 Bd7 27.
Ke3 f6 28. a3 a5 29. axb4 cxb4 30. c3 Rb8 31. cxb4 Rxb4 32. Rxb4 axb4 33. Kd2
Ba4 34. c5 Kf7 35. Bc4+ Ke7 36. Bd5 Kd7 37. Kd3 Bb5+ 38. Ke3 1/2-1/2

[Event "42nd Guernsey Open 2016"]
[Site "Vale GCI"]
[Date "2016.10.19"]
[Round "4"]
[White "Von Saldern, Ruediger"]
[Black "Murray, J Stephen"]
[Result "0-1"]
[WhiteElo "1914"]
[BlackElo "1795"]
[PlyCount "120"]
[EventDate "2016.10.16"]
[EventType "swiss"]
[EventRounds "7"]
[EventCountry "GCI"]

1. d4 Nf6 2. Nf3 e6 3. c4 d5 4. Nc3 Be7 5. Bg5 O-O 6. e3 h6 7. Bh4 b6 8. cxd5
exd5 9. Bd3 Be6 10. O-O Nbd7 11. Rc1 c5 12. Re1 Re8 13. Bb5 Ne4 14. Bxe7 Qxe7
15. Nxe4 dxe4 16. Nd2 f5 17. Bc6 Rac8 18. d5 Bf7 19. Qa4 Ne5 20. Bxe8 Bxe8 21.
Qb3 Nd3 22. d6+ Qf7 23. Nc4 Rd8 24. Red1 Nxc1 25. Rxc1 b5 26. d7 Rxd7 27. Ne5
Qxb3 28. axb3 Rd5 29. f4 a5 30. Ra1 a4 31. bxa4 bxa4 32. Rc1 Bb5 33. Rc2 Kf8
34. Kf2 Ke7 35. Ke1 Ke6 36. Rc3 Kd6 37. h4 Kc7 38. Ra3 Kb6 39. b3 axb3 40. Rxb3
Ka5 41. Rb1 c4 42. Rd1 Rxd1+ 43. Kxd1 Kb4 44. g4 fxg4 45. Nxg4 c3 46. Kc2 Bd3+
47. Kc1 Kc5 48. Nf2 c2 49. Ng4 Kd5 50. Ne5 Ke6 51. Nc6 Kf5 52. Nd4+ Kg4 53.
Nxc2 Bxc2 54. Kxc2 Kxh4 55. Kc3 Kg4 56. Kd4 Kf5 57. Kc3 g5 58. fxg5 hxg5 59.
Kd2 Kg4 60. Ke2 Kg3 0-1

[Event "42nd Guernsey Open 2016"]
[Site "Vale GCI"]
[Date "2016.10.19"]
[Round "4"]
[White "Boldt, Heinrich"]
[Black "Downey, Keith"]
[Result "1-0"]
[WhiteElo "1874"]
[BlackElo "1829"]
[PlyCount "89"]
[EventDate "2016.10.16"]
[EventType "swiss"]
[EventRounds "7"]
[EventCountry "GCI"]

1. d4 Nf6 2. Bf4 e6 3. e3 b6 4. Nf3 Bb7 5. h3 Be7 6. Nbd2 a6 7. Bd3 d5 8. Ne5
Nbd7 9. Ndf3 Nxe5 10. Nxe5 c5 11. c3 O-O 12. Qf3 Ne4 13. h4 Ra7 14. Qh3 Qc8 15.
f3 Nd6 16. h5 f5 17. Ng6 Qe8 18. Nxf8 Qxf8 19. g4 Bc8 20. Be5 Nf7 21. gxf5 Nxe5
22. dxe5 exf5 23. f4 Be6 24. O-O Kh8 25. Rf2 a5 26. Rg2 c4 27. Bc2 b5 28. a3
Rb7 29. Kh2 Bd8 30. Rag1 Rf7 31. Rg6 Re7 32. Rxe6 Rxe6 33. Bxf5 Rh6 34. Bg4 b4
35. axb4 axb4 36. Qf3 bxc3 37. bxc3 Qe7 38. Rg3 Qc5 39. Kh3 g6 40. Kg2 Ba5 41.
hxg6 Rxg6 42. f5 Rg8 43. f6 Bxc3 44. f7 Rf8 45. Qf6# 1-0

[Event "42nd Guernsey Open 2016"]
[Site "Vale GCI"]
[Date "2016.10.19"]
[Round "4"]
[White "Hoogland, Rob"]
[Black "Gravett, Alan D"]
[Result "1-0"]
[WhiteElo "1813"]
[BlackElo "1844"]
[PlyCount "51"]
[EventDate "2016.10.16"]
[EventType "swiss"]
[EventRounds "7"]
[EventCountry "GCI"]

1. d4 Nf6 2. c4 d6 3. Nc3 e5 4. Nf3 exd4 5. Nxd4 Nbd7 6. g3 g6 7. Bg2 Bg7 8.
O-O O-O 9. e4 c6 10. b3 Re8 11. Bb2 Nc5 12. Qc2 a5 13. h3 a4 14. Rad1 axb3 15.
axb3 Qc7 16. Rfe1 Be6 17. f4 Qb6 18. Kh2 Bc8 19. Bf3 Nfd7 20. Bg2 f5 21. exf5
Rxe1 22. Rxe1 Bxd4 23. fxg6 Qxb3 24. gxh7+ Kg7 25. Re7+ Kf8 26. Qg6 1-0

[Event "42nd Guernsey Open 2016"]
[Site "Vale GCI"]
[Date "2016.10.20"]
[Round "5"]
[White "Korneev, Oleg"]
[Black "Hillarp Persson, Tiger"]
[Result "1/2-1/2"]
[WhiteElo "2581"]
[BlackElo "2513"]
[PlyCount "61"]
[EventDate "2016.10.16"]
[EventType "swiss"]
[EventRounds "7"]
[EventCountry "GCI"]

1. e4 c5 2. Nf3 d6 3. d4 cxd4 4. Nxd4 Nf6 5. Nc3 a6 6. Be3 e5 7. Nb3 Be6 8. f3
h5 9. Qd2 Nbd7 10. O-O-O Qc7 11. Kb1 Be7 12. Nd5 Bxd5 13. exd5 Nb6 14. Bxb6
Qxb6 15. g3 h4 16. g4 O-O 17. h3 Nh7 18. Bd3 Ng5 19. Qe2 Bf6 20. c3 Rfc8 21.
Rc1 g6 22. Ka1 Qd8 23. Nd2 Rc5 24. Ne4 Nxe4 25. fxe4 Bg5 26. Rc2 a5 27. a4 Qb6
28. Bb5 Rc7 29. Re1 Rac8 30. Ka2 Kg7 31. Qd3 1/2-1/2

[Event "42nd Guernsey Open 2016"]
[Site "Vale GCI"]
[Date "2016.10.20"]
[Round "5"]
[White "Le Roux, Jean Pierre"]
[Black "Reijneveld, Ad"]
[Result "1/2-1/2"]
[WhiteElo "2549"]
[BlackElo "2092"]
[PlyCount "102"]
[EventDate "2016.10.16"]
[EventType "swiss"]
[EventRounds "7"]
[EventCountry "GCI"]

1. d4 Nf6 2. Nf3 d6 3. g3 g6 4. Bg2 Bg7 5. O-O O-O 6. c4 Nc6 7. Nc3 e5 8. dxe5
Nxe5 9. Nxe5 dxe5 10. Qxd8 Rxd8 11. Bg5 Re8 12. Nb5 Re7 13. Be3 c6 14. Bc5 Rd7
15. Nxa7 Rd2 16. Rfd1 Rxd1+ 17. Rxd1 Be6 18. b3 Nd7 19. Be3 Bf8 20. Nxc6 bxc6
21. Bxc6 Rc8 22. Bxd7 Rd8 23. b4 Rxd7 24. Rxd7 Bxd7 25. a3 f5 26. Kf1 Kf7 27.
Ke1 Ke6 28. Kd2 Ba4 29. Ba7 Be7 30. Kc3 Bf6 31. Bc5 e4+ 32. Bd4 Be7 33. Bg7 Kf7
34. Bh8 Ke6 35. Kd4 Bf8 36. f3 exf3 37. exf3 Be7 38. Kd3 Bf8 39. Bd4 Be7 40.
Bg7 Kf7 41. Bb2 Ke6 42. Bd4 Bf8 43. Bh8 Be7 44. Kd4 Bf8 45. Kc3 Be7 46. Kb2 Bf8
47. Bd4 Be7 48. b5 Kd7 49. b6 Kc6 50. c5 Bd1 51. f4 Bf3 1/2-1/2

[Event "42nd Guernsey Open 2016"]
[Site "Vale GCI"]
[Date "2016.10.20"]
[Round "5"]
[White "Abbas, Daniel"]
[Black "Hoogland, Dirk"]
[Result "1/2-1/2"]
[WhiteElo "2294"]
[BlackElo "2139"]
[PlyCount "148"]
[EventDate "2016.10.16"]
[EventType "swiss"]
[EventRounds "7"]
[EventCountry "GCI"]

1. e4 c5 2. Nf3 g6 3. d4 cxd4 4. Nxd4 Nc6 5. Nc3 Bg7 6. Be3 Nf6 7. Bc4 O-O 8.
Bb3 a5 9. O-O a4 10. Nxa4 Nxe4 11. Nb5 d6 12. Bb6 Qd7 13. Re1 Ne5 14. Qe2 Nf6
15. Bd4 Ra5 16. c4 Nc6 17. Bb6 Ra6 18. Rad1 Qf5 19. Nc7 Rxb6 20. Nxb6 Ng4 21.
h3 Nh6 22. Bc2 Qg5 23. Nxc8 Rxc8 24. Ne6 Qa5 25. Nxg7 Kxg7 26. Bb1 Ng8 27. Rd5
Qa6 28. b3 Nf6 29. Rd2 Qa5 30. Red1 Rc7 31. Be4 Qc5 32. Bxc6 bxc6 33. Rb1 Qb4
34. Rc2 c5 35. Qf3 Qa5 36. Ra1 Qa3 37. Qc3 Rb7 38. Re2 Rc7 39. Rae1 Qa7 40. a3
Kg8 41. Qb2 Nh5 42. g3 Ng7 43. b4 cxb4 44. axb4 Ne6 45. Qc3 Qa6 46. Rc2 Qb7 47.
h4 Qb6 48. Rd1 Rc8 49. Rd5 Nc7 50. Ra5 Ne6 51. Rd5 Nc7 52. Rd1 Ne6 53. Ra2 Rb8
54. Ra4 Qc6 55. Ra7 Re8 56. Rda1 Qe4 57. Re1 Qc6 58. h5 gxh5 59. Ra5 Ng7 60. c5
Ne6 61. Qe3 dxc5 62. Qh6 Qd5 63. Rxe6 Qxe6 64. Qxe6 fxe6 65. Rxc5 h4 66. gxh4
Rd8 67. Rc4 Rd3 68. Kf1 Rb3 69. Ke2 Kf7 70. Rf4+ Kg6 71. Rg4+ Kf5 72. Rg7 h6
73. Rh7 Rxb4 74. Rxh6 e5 1/2-1/2

[Event "42nd Guernsey Open 2016"]
[Site "Vale GCI"]
[Date "2016.10.20"]
[Round "5"]
[White "Aristegui, Michel"]
[Black "Parligras, Cosmin"]
[Result "0-1"]
[WhiteElo "2052"]
[BlackElo "2263"]
[PlyCount "88"]
[EventDate "2016.10.16"]
[EventType "swiss"]
[EventRounds "7"]
[EventCountry "GCI"]

1. e3 g6 2. f4 Bg7 3. Nf3 b6 4. Be2 Nf6 5. O-O O-O 6. d3 d5 7. Qe1 Qd6 8. Qh4
Nbd7 9. c3 Ba6 10. Re1 c5 11. e4 dxe4 12. dxe4 Bxe2 13. Rxe2 e5 14. Na3 Rfe8
15. Qe1 exf4 16. e5 Qd3 17. Bxf4 Nh5 18. Rd1 Qf5 19. Bc1 Nxe5 20. Nxe5 Rxe5 21.
Nc4 Rxe2 22. Qxe2 Nf6 23. Nd6 Qg4 24. Qxg4 Nxg4 25. Nb5 Be5 26. h3 a6 27. Na3
Bh2+ 28. Kf1 Nf6 29. Nc4 Bc7 30. Bh6 Rd8 31. Re1 Re8 32. Ne3 b5 33. b3 Be5 34.
c4 Bd4 35. cxb5 axb5 36. Nc2 Rxe1+ 37. Kxe1 Be5 38. Ke2 Ne4 39. Kd3 f5 40. a4
c4+ 41. bxc4 Nc5+ 42. Kd2 bxc4 43. a5 Nb3+ 44. Ke2 Nxa5 0-1

[Event "42nd Guernsey Open 2016"]
[Site "Vale GCI"]
[Date "2016.10.20"]
[Round "5"]
[White "Curtis, John E"]
[Black "Tunge, Christian"]
[Result "1-0"]
[WhiteElo "2088"]
[BlackElo "2018"]
[PlyCount "109"]
[EventDate "2016.10.16"]
[EventType "swiss"]
[EventRounds "7"]
[EventCountry "GCI"]

1. d4 Nf6 2. Nf3 d5 3. e3 c5 4. c4 cxd4 5. exd4 Nc6 6. Nc3 Bg4 7. cxd5 Nxd5 8.
Bc4 e6 9. O-O Be7 10. Nxd5 exd5 11. Bb5 O-O 12. Bxc6 bxc6 13. Qd3 Bxf3 14. Qxf3
Qb6 15. Qc3 c5 16. dxc5 Bxc5 17. Qf3 Rad8 18. Rd1 Rd6 19. Bg5 Rg6 20. Rxd5 Qxb2
21. Rad1 Bb6 22. a4 Qb4 23. a5 Bc7 24. Qf5 Re6 25. Be3 Rfe8 26. g3 a6 27. Rd7
Rf6 28. Qd5 Qxa5 29. Qb7 Be5 30. Re7 Re6 31. Rxf7 Qb5 32. Qxb5 axb5 33. Rb7
R6e7 34. Rxb5 Bf6 35. Kg2 Ra8 36. Rbd5 Kf7 37. Rd7 Rxd7 38. Rxd7+ Ke6 39. Rb7
Kf5 40. Rb5+ Ke4 41. Rb4+ Kf5 42. Kf3 Ra3 43. g4+ Ke6 44. Ke4 Ra2 45. g5 Bc3
46. Rb6+ Kf7 47. Rc6 Be1 48. Rc7+ Kf8 49. Bc5+ Kg8 50. Bd4 g6 51. f4 Re2+ 52.
Kd5 h5 53. gxh6 Rxh2 54. Rg7+ Kf8 55. h7 1-0

[Event "42nd Guernsey Open 2016"]
[Site "Vale GCI"]
[Date "2016.10.20"]
[Round "5"]
[White "Hewson, Brian Wr"]
[Black "Thurlow, Kevin J"]
[Result "1/2-1/2"]
[WhiteElo "2068"]
[BlackElo "1974"]
[PlyCount "48"]
[EventDate "2016.10.16"]
[EventType "swiss"]
[EventRounds "7"]
[EventCountry "GCI"]

1. d4 Nf6 2. Nf3 e6 3. c4 b6 4. g3 Bb7 5. Bg2 Be7 6. O-O O-O 7. Nc3 d5 8. Ne5
c6 9. e4 dxc4 10. a4 Nbd7 11. Nxc4 Ba6 12. b3 Qc8 13. Re1 b5 14. Ne3 b4 15. Ne2
Rd8 16. Qc2 Qb7 17. Bb2 Rac8 18. Nf4 Qb8 19. Bf1 Bxf1 20. Kxf1 e5 21. Nf5 Bf8
22. dxe5 Nxe5 23. Red1 g6 24. Ne3 Bg7 1/2-1/2

[Event "42nd Guernsey Open 2016"]
[Site "Vale GCI"]
[Date "2016.10.20"]
[Round "5"]
[White "Lehmann, Stefan"]
[Black "Heppell, Ian N"]
[Result "1/2-1/2"]
[WhiteElo "1970"]
[BlackElo "2066"]
[PlyCount "44"]
[EventDate "2016.10.16"]
[EventType "swiss"]
[EventRounds "7"]
[EventCountry "GCI"]

1. e4 e5 2. Nf3 d6 3. Bc4 Be7 4. Nc3 Nf6 5. d3 O-O 6. h3 c6 7. Bb3 Nbd7 8. Be3
b5 9. g4 Qc7 10. g5 Ne8 11. Ne2 Nc5 12. Ng3 Nxb3 13. axb3 d5 14. Nh2 Nd6 15.
Ng4 Be6 16. Qf3 f5 17. gxf6 Bxf6 18. Qg2 Bh4 19. f3 Qf7 20. Ke2 Qg6 21. Rag1 d4
22. Bf2 Bxg4 1/2-1/2

[Event "42nd Guernsey Open 2016"]
[Site "Vale GCI"]
[Date "2016.10.20"]
[Round "5"]
[White "Dilleigh, Stephen P"]
[Black "Rosen, Daniel B"]
[Result "1-0"]
[WhiteElo "2004"]
[BlackElo "2034"]
[PlyCount "57"]
[EventDate "2016.10.16"]
[EventType "swiss"]
[EventRounds "7"]
[EventCountry "GCI"]

1. Nf3 d6 2. d4 g6 3. c4 Bg7 4. e4 Nf6 5. Nc3 O-O 6. Be2 Bg4 7. Be3 Nc6 8. d5
Nb8 9. O-O e5 10. c5 dxc5 11. Bxc5 Re8 12. Qb3 Nbd7 13. Be3 Nb6 14. h3 Bd7 15.
Rfd1 Qb8 16. Rac1 Nc8 17. Bb5 Nd6 18. Bxd7 Nxd7 19. Nb5 Nxb5 20. Qxb5 Nf6 21.
Qc4 Bf8 22. Bg5 Nd7 23. Qxc7 Qxc7 24. Rxc7 Nc5 25. d6 Nxe4 26. d7 Nxg5 27.
dxe8=Q Nxf3+ 28. gxf3 Rxe8 29. Rdd7 1-0

[Event "42nd Guernsey Open 2016"]
[Site "Vale GCI"]
[Date "2016.10.20"]
[Round "5"]
[White "Hamperl, Fred"]
[Black "Sedgwick, David R"]
[Result "1-0"]
[WhiteElo "2055"]
[BlackElo "1970"]
[PlyCount "71"]
[EventDate "2016.10.16"]
[EventType "swiss"]
[EventRounds "7"]
[EventCountry "GCI"]

1. e4 e6 2. d4 d5 3. exd5 exd5 4. c4 Nf6 5. Nc3 Be7 6. Bd3 O-O 7. Nge2 dxc4 8.
Bxc4 Bf5 9. O-O c6 10. Ng3 Bg6 11. f4 h6 12. f5 Bh7 13. Bf4 Nbd7 14. Bb3 Nb6
15. Be5 Nbd5 16. Qf3 b5 17. Rad1 b4 18. Nce4 Rc8 19. Nxf6+ Nxf6 20. Kh1 Bd6 21.
Nh5 Nxh5 22. Qxh5 Bxe5 23. dxe5 Qg5 24. Qxg5 hxg5 25. e6 Rfd8 26. e7 Re8 27.
Rd7 c5 28. g4 c4 29. Ba4 c3 30. bxc3 bxc3 31. Rfd1 c2 32. Bxc2 Rxc2 33. Rd8 Rc8
34. Rxc8 Rxc8 35. Rd8+ Rxd8 36. exd8=R# 1-0

[Event "42nd Guernsey Open 2016"]
[Site "Vale GCI"]
[Date "2016.10.20"]
[Round "5"]
[White "Maloberti, David"]
[Black "Staples, Maurice J"]
[Result "1/2-1/2"]
[WhiteElo "2123"]
[BlackElo "1994"]
[PlyCount "135"]
[EventDate "2016.10.16"]
[EventType "swiss"]
[EventRounds "7"]
[EventCountry "GCI"]

1. d4 d5 2. c4 Bf5 3. Nc3 e6 4. cxd5 exd5 5. Qb3 Nc6 6. Nf3 Nb4 7. e4 dxe4 8.
Ng5 Qd7 9. a3 Nd3+ 10. Bxd3 exd3 11. Qxb7 Rd8 12. O-O c6 13. Re1+ Be7 14. Qb3
Nh6 15. Nf3 Be6 16. Qd1 Nf5 17. Qxd3 Nxd4 18. Qxd4 Qxd4 19. Nxd4 Rxd4 20. Be3
Rd7 21. Ne4 O-O 22. Bc5 Bxc5 23. Nxc5 Rd2 24. b4 Rfd8 25. Nxe6 fxe6 26. Rxe6
Rd1+ 27. Re1 Rxe1+ 28. Rxe1 Rd3 29. Ra1 a5 30. bxa5 Rd5 31. a6 Ra5 32. Kf1 Rxa6
33. a4 Kf7 34. Ke2 Ke6 35. Kd3 Kd5 36. Kc3 Kc5 37. h4 Kb6 38. Kb4 Ra7 39. f4
Re7 40. a5+ Ka6 41. Rc1 Kb7 42. f5 h5 43. Rc4 Re2 44. g4 Rf2 45. Re4 hxg4 46.
Rxg4 Rxf5 47. Rxg7+ Ka6 48. Rh7 Rb5+ 49. Kc4 Rxa5 50. h5 Kb6 51. Kd4 Ra4+ 52.
Ke5 Rh4 53. Rh8 Kb7 54. Kf5 c5 55. Kg5 Rh2 56. Re8 Rg2+ 57. Kh4 Rh2+ 58. Kg4 c4
59. Re4 c3 60. Rc4 c2 61. Kg5 Kb6 62. h6 Kb5 63. Rc8 Kb4 64. Kg6 Kb3 65. h7 Kb2
66. Rb8+ Ka2 67. Rc8 Kb2 68. Rb8+ 1/2-1/2